Online
Catalog

Explicación a las modificaciones de la nomenclatura del arancel de aduanas de la República Dominicana : (Record no. 3672)

MARC details
000 -CABECERA
campo de control de longitud fija 01508nam a2200205 a 4500
001 - NÚMERO DE CONTROL
campo de control 000003850
005 - FECHA Y HORA DE LA ÚLTIMA TRANSACCIÓN
campo de control 20240311204353.0
008 - DATOS DE LONGITUD FIJA--INFORMACIÓN GENERAL
campo de control de longitud fija 090714s2000 dr a 001 0 spa d
040 ## - FUENTE DE LA CATALOGACIÓN
Centro catalogador/agencia de origen DO-SdBNP
Lengua de catalogación spa
Centro/agencia transcriptor BNPHU
082 ## - NÚMERO DE LA CLASIFICACIÓN DECIMAL DEWEY
Número de clasificación xxxx
Número de documento/Ítem xxxx
049 ## - FONDOS LOCALES (OCLC)
Fondos de biblioteca BNPD
100 1# - ENTRADA PRINCIPAL--NOMBRE DE PERSONA
Nombre de persona Gómez García-Argüelles, Ricardo
9 (RLIN) 11631
245 10 - MENCIÓN DE TÍTULO
Título Explicación a las modificaciones de la nomenclatura del arancel de aduanas de la República Dominicana :
Resto del título introducción de las modificaciones del sistema armonizado 1996 y de su versión única en español /
Mención de responsabilidad, etc. Ricardo Gómez García Agüelles, Gabino José Polanco ; presentación Celenia Vidal P.
260 ## - PUBLICACIÓN, DISTRIBUCIÓN, ETC.
Lugar de publicación, distribución, etc. Santo Domingo :
Nombre del editor, distribuidor, etc. INCAT,
Fecha de publicación, distribución, etc. 2000.
300 ## - DESCRIPCIÓN FÍSICA
Extensión 211 p. :
Otras características físicas il. ;
Dimensiones 25 cm.
500 ## - NOTA GENERAL
Nota general Incluye datos biográficos de los autores en la contracubierta
505 2# - NOTA DE CONTENIDO CON FORMATO
Nota de contenido con formato Organización Mundial de Aduanas (O.M.A) -- Origen de la actualización del sistema armonizado (S.A) -- Alcance general de las modificaciones -- Asignación de códigos numéricos a las subpartidas modificadas -- Evolución del arancel dominicano de aduanas -- Sector agrícola -- Sector químico -- Pieles, cuero, madera, papel -- Materias textiles, calzado -- Manufacturas de piedra, vidrio, metal precioso -- Metales comunes -- Máquinas, material eléctrico -- Material de transporte -- Instrumentos de óptica, de relojería, de música -- Productos diversos, objetos de arte.
700 12 - PUNTO DE ACCESO ADICIONAL--NOMBRE DE PERSONA
Nombre de persona Polanco, Gabino José
9 (RLIN) 11632
710 22 - PUNTO DE ACCESO ADICIONAL--NOMBRE DE ENTIDAD CORPORATIVA
Nombre de entidad corporativa o nombre de jurisdicción como elemento de entrada Instituto de Capacitación Tributaria (República Dominicana)
9 (RLIN) 73226
Holdings
Estado de retiro Estado de pérdida No para préstamo Código de colección Localización permanente Ubicación/localización actual Ubicación en estantería Fecha de adquisición Número de inventario Total de préstamos Signatura topográfica completa Código de barras Fecha visto por última vez Precio válido a partir de Tipo de ítem Koha Número de copia
    Excluido de préstamo Patrimonio Dominicano Patrimonio Dominicano Patrimonio Dominicano Depósito 14.07.2009 LF1   xxxx xxxx 3850-10 25.06.2020 25.06.2020 Libro y Folleto Colección Patrimonio Dominicano  
    Excluido de préstamo Patrimonio Dominicano Patrimonio Dominicano Patrimonio Dominicano Depósito 14.07.2009 LF1   xxxx xxxx 3850-20 25.06.2020 25.06.2020 Libro y Folleto Colección Patrimonio Dominicano e. 2

Powered by Koha